European Mammals - Statistics

General Stats
  • This quiz has been taken 20 times
  • The average score is 50 of 92
Answer Stats
Picture Answer % Correct
European Rabbit
100%
Eurasian Red Squirrel
91%
European Mole
91%
Barbary Macaque
82%
Brown Bear
82%
Crested Porcupine
82%
Elk
82%
European Badger
82%
Humpback Whale
82%
Orca
82%
Polar Bear
82%
Red Fox
82%
Siberian Flying Squirrel
82%
Walrus
82%
Arctic Fox
73%
Beluga Whale
73%
Calabrian Black Squirrel
73%
Common Seal
73%
Eurasian Lynx
73%
Eurasian Otter
73%
European Bison
73%
European Hare
73%
European Hedgehog
73%
European Wildcat
73%
Grey Wolf
73%
Muskox
73%
Narwhal
73%
Przewalski's Horse
73%
Red Deer
73%
Reindeer
73%
Wild Boar
73%
Wolverine
73%
Alpine Ibex
64%
Common Bottlenose Dolphin
64%
Eurasian Beaver
64%
European Hamster
64%
European Pine Marten
64%
Golden Jackal
64%
Grey Seal
64%
Harbour Porpoise
64%
Iberian Lynx
64%
Least Weasel
64%
Mediterranean Monk Seal
64%
Mountain Hare
64%
Sperm Whale
64%
Stoat
64%
Western Roe Deer
64%
Alpine Marmot
55%
Bearded Seal
55%
Chamois
55%
Common Dolphin
55%
European Fallow Deer
55%
European Mink
55%
European Polecat
55%
European Water Vole
55%
Mouflon
55%
Pyrenean Desman
55%
Ringed Seal
55%
Beech Marten
45%
Eurasian Water Shrew
45%
Fin Whale
45%
Harp Seal
45%
Hooded Seal
45%
Lesser Blind Mole Rat
45%
Long Finned Pilot Whale
45%
Marbled Polecat
45%
Wood Mouse
45%
Atlantic Spotted Dolphin
36%
Common Minke Whale
36%
Eurasian Harvest Mouse
36%
Great Jerboa
36%
Hazel Dormouse
36%
Iberian Ibex
36%
Bobak Marmot
27%
Eurasian Pygmy Shrew
27%
European Edible Dormouse
27%
Granada Hare
27%
Norway Lemming
27%
Risso's Dolphin
27%
Steppe Polecat
27%
Bank Vole
18%
Cretan Spiny Mouse
18%
European Souslik
18%
Garden Dormouse
18%
Northern White Breasted Hedgehog
18%
Romanian Hamster
18%
Tauros
18%
European Free Tailed Bat
9%
European Snow Vole
9%
Greater Mouse Eared Bat
9%
Spotted Souslik
9%
Wood Lemming
9%
No matching quizzes found
Score Distribution
Percent of People with Each Score
Percentile by Number Answered
Your Score History
You have not taken this quiz